[Event "Rheinhausen-ch 19th"]
[Site "Duisburg Rheinhausen"]
[Date "2015.01.18"]
[Round "2"]
[White "Ciglenecki, Ignaz"]
[Black "Heinert, Eugen"]
[Result "0-1"]
[WhiteElo "1724"]
[BlackElo "2096"]
[PlyCount "62"]
[EventDate "2015.01.09"]
[EventType "swiss"]
[EventRounds "7"]
[EventCountry "GER"]
[SourceTitle "EXT 2018"]
[Source "ChessBase"]
[SourceDate "2017.10.13"]
[SourceVersion "1"]
[SourceVersionDate "2017.10.13"]
[SourceQuality "1"]

1. e4 e5 2. Nf3 Nc6 3. c3 d5 4. exd5 Qxd5 5. d4 Nf6 6. Be3 Bg4 7. Be2 exd4 8. cxd4 Bb4+ 9. Nc3 0-0 10. 0-0 Qd7 11. a3 Bd6 12. Qc2 h6 13. Rad1 Rfe8 14. Rfe1 a6 15. Qd2 Rad8 16. Bxh6 gxh6 17. Qxh6 Qf5 18. Bd3 Qf4 19. Ng5 Qxh2+ 20. Qxh2 Bxh2+ 21. Kxh2 Bxd1 22. Rxd1 Rxd4 23. g3 Red8 24. Bc2 Rd2 25. Bb3 Rxf2+ 26. Kg1 Rxd1+ 27. Nxd1 Rd2 28. Bxf7+ Kh8 29. Ne3 Ne5 30. Be6 Rxb2 31. Nf7+ Nxf7 0-1